E-Learning modelovania prípadov použitia

Gespeichert in:
Bibliographische Detailangaben
1. Verfasser: Macejáková, Veronika (Verfasst von)
Weitere Verfasser: Mlynarovič, Vladimír (Betreuung Doktorarbeit)
Format: Manuskript Buch
Sprache:Slowakisch
Veröffentlicht: 2025
Schlagworte:
Online-Zugang:http://is.stuba.sk/zp/portal_zp.pl?podrobnosti=168990
Tags: Tag hinzufügen
Keine Tags, Fügen Sie das erste Tag hinzu!

MARC

LEADER 00000ntm a22000003a 4500
001 stuzp102814
003 SK-STU
005 20250614211446.0
007 ta
008 150427s2015----xo-----f-mn---000-0-slo-d
040 |a STU  |b slo 
041 0 |a slo 
100 1 |a Macejáková, Veronika  |u 070200  |4 aut  |U FIIT Fakulta informatiky a informačných technológií  |T FIIT Ústav informatiky, informačných systémov a softvérového inžinierstva  |X 116240  |U I200  |Y 179  |7 116240 
242 0 1 |a E-Learning for Use case modeling  |y eng 
245 1 0 |a E-Learning modelovania prípadov použitia 
260 |c 2025 
650 4 |a e-learning portal  |2 eng 
650 4 |a use case modeling  |2 eng 
650 4 |a knowledge testing  |2 eng 
650 4 |a testovanie vedomostí  |2 slo 
650 4 |a vzdelávací portál  |2 slo 
650 4 |a modelovanie prípadov použitia  |2 slo 
700 1 |a Mlynarovič, Vladimír  |u 070200  |k Z8  |4 ths  |U FIIT Fakulta informatiky a informačných technológií  |T FIIT Ústav informatiky, informačných systémov a softvérového inžinierstva  |X 25010  |U I200  |Y 179  |7 A000025010 
856 4 |u http://is.stuba.sk/zp/portal_zp.pl?podrobnosti=168990